| 000 | 00439cam a22001575a 4500 | ||
|---|---|---|---|
| 001 | J100828 | ||
| 008 | 000000s1921 xxk 000 0 eng u | ||
| 035 | _a(Sirsi) u100828 | ||
| 110 |
_aAuctioneers' and Estate Agents' Institute of the United Kingdom _93789 |
||
| 245 | 0 | 4 | _aThe problem of post-war valuation. 10th March 1921. |
| 260 | _c1921 | ||
| 300 | _a20p. | ||
| 651 | 4 |
_aUnited Kingdom _y |
|
| 690 |
_aValuation _96273 |
||
| 942 | _n0 | ||
| 999 |
_c99862 _d99862 |
||